[Event "TUR-ch U14"]
[Site "Belek Antalya"]
[Date "2024.01.27"]
[Round "9"]
[White "Mullakutukcu, Ela"]
[Black "Bodur, Ilke Lal"]
[Result "1-0"]
[WhiteElo "1524"]
[BlackElo "1298"]
[PlyCount "99"]
[EventDate "2024.01.21"]
[EventType "swiss"]
[EventRounds "9"]
[EventCountry "TUR"]
[SourceTitle "EXT 2025"]
[Source "ChessBase"]
[SourceDate "2024.10.14"]
[SourceVersion "1"]
[SourceVersionDate "2024.10.14"]
[SourceQuality "1"]

1. e4 e5 2. Nf3 Nc6 3. Bc4 Bc5 4. 0-0 Nf6 5. d4 Bxd4 6. Nxd4 exd4 7. e5 Ne4 8. Qg4 d5 9. Qxg7 Rf8 10. Bh6 Qe7 11. Bxd5 Bf5 12. Qxf8+ Qxf8 13. Bxf8 Kxf8 14. Na3 Rd8 15. Bxc6 bxc6 16. f3 Ng5 17. h4 Ne6 18. g4 Bg6 19. h5 Bxh5 20. gxh5 Nf4 21. Kf2 Nxh5 22. Rh1 Nf4 23. Rxh7 Ng6 24. Rd1 Rd5 25. Nc4 c5 26. b3 Nxe5 27. Nxe5 Rxe5 28. Rg1 Re6 29. Rh8+ Ke7 30. Re1 Rxe1 31. Kxe1 Kd6 32. Ra8 Ke5 33. Rxa7 f5 34. Rxc7 Kd5 35. a4 Kd6 36. Rb7 Kc6 37. Rf7 c4 38. a5 Kb5 39. Rxf5+ Ka6 40. Rd5 cxb3 41. cxb3 d3 42. f4 d2+ 43. Rxd2 Kxa5 44. f5 Ka6 45. f6 Ka5 46. f7 Kb4 47. f8Q+ Kxb3 48. Qb8+ Ka3 49. Rd7 Ka2 50. Ra7# 1-0

[Event "TUR-ch U13/18 Girls"]
[Site "Antalya"]
[Date "2023.01.24"]
[Round "5"]
[White "Mullakutukcu, Ela"]
[Black "Sahin, Ecrin Zeycan"]
[Result "1-0"]
[WhiteElo "1302"]
[BlackElo "1134"]
[PlyCount "41"]
[EventDate "2023.01.17"]
[EventType "swiss"]
[EventRounds "9"]
[EventCountry "TUR"]
[SourceTitle "EXT 2024"]
[Source "ChessBase"]
[SourceDate "2023.10.10"]
[SourceVersion "1"]
[SourceVersionDate "2023.10.10"]
[SourceQuality "1"]

1. d4 f5 2. e4 e6 3. exf5 exf5 4. Bd3 g6 5. Nf3 Qe7+ 6. Be2 Bh6 7. 0-0 Qg7 8. Bc4 Ne7 9. Re1 Bxc1 10. Qxc1 c6 11. d5 d6 12. Qf4 Qf6 13. Nc3 a6 14. dxc6 bxc6 15. Rad1 d5 16. Bxd5 h6 17. Qc7 Nd7 18. Bxc6 Rb8 19. Bxd7+ Bxd7 20. Qxb8+ Kf7 21. Ne5+ 1-0

[Event "TUR-ch U13/18 Girls"]
[Site "Antalya"]
[Date "2023.01.23"]
[Round "3"]
[White "Mullakutukcu, Ela"]
[Black "Bay, Elis Cagil"]
[Result "1/2-1/2"]
[WhiteElo "1302"]
[BlackElo "1087"]
[PlyCount "25"]
[EventDate "2023.01.17"]
[EventType "swiss"]
[EventRounds "9"]
[EventCountry "TUR"]
[SourceTitle "EXT 2024"]
[Source "ChessBase"]
[SourceDate "2023.10.10"]
[SourceVersion "1"]
[SourceVersionDate "2023.10.10"]
[SourceQuality "1"]

1. d4 c6 2. Bf4 d5 3. e3 Nf6 4. Nd2 Bf5 5. c4 e6 6. Qb3 b6 7. cxd5 exd5 8. Ngf3 Nbd7 9. Ba6 Nh5 10. Bb7 Nxf4 11. Bxa8 Nd3+ 12. Ke2 Nb4 13. Ne1 1/2-1/2

[Event "TUR-ch (Women)"]
[Site "Ayvalik"]
[Date "2022.03.08"]
[Round "5"]
[White "Mullakutukcu, Ela"]
[Black "Aydogan, Arya"]
[Result "1/2-1/2"]
[WhiteElo "1121"]
[BlackElo "1308"]
[PlyCount "101"]
[EventDate "2022.03.05"]
[EventType "swiss"]
[EventRounds "9"]
[EventCountry "TUR"]
[SourceTitle "EXT 2023"]
[Source "ChessBase"]
[SourceDate "2022.10.05"]
[SourceVersion "1"]
[SourceVersionDate "2022.10.05"]
[SourceQuality "1"]

1. d4 d5 2. Bf4 Bf5 3. e3 e6 4. c4 dxc4 5. Bxc4 c6 6. Qb3 Qb6 7. Nd2 Nf6 8. Ngf3 Nbd7 9. 0-0 Qxb3 10. Bxb3 Be7 11. Nc4 0-0-0 12. Nd6+ Bxd6 13. Bxd6 Ne4 14. Bb4 Rhe8 15. Ba5 b6 16. Bb4 c5 17. Rac1 Kb7 18. Ba3 h6 19. Ba4 Rg8 20. Bxd7 Rxd7 21. dxc5 bxc5 22. Bxc5 Nd2 23. Nxd2 Rxd2 24. Bd4 f6 25. Rfd1 Rxd1+ 26. Rxd1 Rd8 27. Rc1 e5 28. Bc3 Be6 29. a3 g6 30. h3 a6 31. Bb4 f5 32. Bc3 e4 33. Bd4 Rd7 34. Rc3 Rc7 35. Rxc7+ Kxc7 36. Kh2 Bc4 37. g4 fxg4 38. hxg4 Be2 39. Kg3 h5 40. gxh5 gxh5 41. Kh4 Bf3 42. Kg5 Kc6 43. Bf6 Kd5 44. Kf4 Be2 45. Kg5 Bf3 46. Kf4 Be2 47. Be7 Bf3 48. Kf5 Bg4+ 49. Kf4 Bf3 50. Bf6 Be2 51. Bg7 1/2-1/2

[Event "TUR-ch (Women)"]
[Site "Ayvalik"]
[Date "2022.03.06"]
[Round "3"]
[White "Salt, Ilayda"]
[Black "Mullakutukcu, Ela"]
[Result "1-0"]
[WhiteElo "1594"]
[BlackElo "1121"]
[PlyCount "53"]
[EventDate "2022.03.05"]
[EventType "swiss"]
[EventRounds "9"]
[EventCountry "TUR"]
[SourceTitle "EXT 2023"]
[Source "ChessBase"]
[SourceDate "2022.10.05"]
[SourceVersion "1"]
[SourceVersionDate "2022.10.05"]
[SourceQuality "1"]

1. d4 c5 2. c3 e6 3. e4 Be7 4. Nf3 Nf6 5. Bd3 0-0 6. Qc2 h6 7. 0-0 Nc6 8. a3 a5 9. Be3 b6 10. Nbd2 Bb7 11. c4 cxd4 12. Nxd4 Nxd4 13. Bxd4 Rc8 14. Nf3 d5 15. exd5 exd5 16. Rad1 Ba6 17. Rfe1 Re8 18. Ne5 Qc7 19. Bf5 Rcd8 20. Nxf7 Kxf7 21. Be6+ Kf8 22. Qg6 Bd6 23. Bxf6 Rb8 24. Bxd5 Bb7 25. Bxg7+ Qxg7 26. Qf5+ Qf7 27. Qxf7# 1-0